Introducing transformational grammar : From principles and paramaters to minimalism

This book quickly established itself as one of the clearest and most readable introductions to generative grammar. Together with a complete introduction to the principles of Universal Grammar, it traced the major shifts of perspective that have influenced the developments of the theory over the last...

תיאור מלא

שמור ב:
מידע ביבליוגרפי
מחבר ראשי: Ouhalla, Jamal
פורמט: ספר
שפה:Undetermined
יצא לאור: London, Gt.Britain Arnold 1998
נושאים:
תגים: הוספת תג
אין תגיות, היה/י הראשונ/ה לתייג את הרשומה!
Thư viện lưu trữ: Trung tâm Học liệu Trường Đại học Cần Thơ
LEADER 00889nam a2200217Ia 4500
001 CTU_57353
008 210402s9999 xx 000 0 und d
020 |c 298000 
082 |a 415 
082 |b O.93 
100 |a Ouhalla, Jamal 
245 0 |a Introducing transformational grammar : 
245 0 |b From principles and paramaters to minimalism 
245 0 |c Jamal Ouhalla 
260 |a London, Gt.Britain 
260 |b Arnold 
260 |c 1998 
520 |a This book quickly established itself as one of the clearest and most readable introductions to generative grammar. Together with a complete introduction to the principles of Universal Grammar, it traced the major shifts of perspective that have influenced the developments of the theory over the last forty years 
650 |a Generative grammar 
904 |i Minh 
980 |a Trung tâm Học liệu Trường Đại học Cần Thơ